Statistics for Top 10 Most Populous U.S. Cities Starting With V

Click here to take the quiz!

General Stats

  • This quiz has been taken 26 times
  • The average score is 5 of 10

Answer Stats

StateAnswerPopulation% Correct
VirginiaVirginia Beach449 k
96%
WashingtonVancouver198 k
77%
CaliforniaVentura108 k
54%
TexasVictoria65 k
54%
CaliforniaVisalia146 k
54%
CaliforniaVallejo121 k
46%
New JerseyVineland60 k
42%
CaliforniaVacaville102 k
38%
CaliforniaVictorville139 k
38%
CaliforniaVista96 k
23%

Score Distribution

Percentile by Number Answered

Percent of People with Each Score

Your Score History

You have not taken this quiz